| 000 | 00461nam a22001337a 4500 | ||
|---|---|---|---|
| 005 | 20241216085720.0 | ||
| 008 | 241216b |||||||| |||| 00| 0 eng d | ||
| 100 |
_aCanzon, Gregorio V. _eauthor. _964396 |
||
| 245 |
_aAlphabet of a teacher / _cGregorio V. Canzon. |
||
| 260 |
_aPhilippines; _bPublishers Association of the Philippines, Inc., _cSeptember 2018. |
||
| 300 | _aVolume 66, pages 128. | ||
| 700 |
_aCanzon, Gregorio V. _eauthor. _964396 |
||
| 942 |
_2ddc _cPER |
||
| 999 |
_c23262 _d23262 |
||